| 000 | 00361nam a2200145Ia 4500 | ||
|---|---|---|---|
| 008 | 240624s9999 xx 000 0 und d | ||
| 041 | _aeng | ||
| 082 | _a657.42 KIS | ||
| 100 | _aKISHORE RAVI M | ||
| 245 | _aCOST AND MANAGEMENT ACCOUNTING | ||
| 250 | _a(3rd ed.) | ||
| 260 |
_c2004 _aNew Delhi _bTaxmann |
||
| 300 | _axli, : 1184 : p. : cm. ; 23 | ||
| 365 | _cRS | ||
| 999 |
_c2577 _d2577 |
||